Estadísticas para 25 ciudades más pobladas de Castilla-La Mancha

Haz click aquí para intentar la prueba.

Estadísticas generales

  • Esta prueba ha sido intentada 185 veces
  • La puntuación promedio es 15 de 25

Estadísticas de respuestas

Pob.MunicipioProvincia% Correcto
173 kAlbaceteAlbacete
100%
85.3 kToledoToledo
100%
54.2 kCuencaCuenca
99%
86.9 kGuadalajaraGuadalajara
99%
75.1 kCiudad RealCiudad Real
98%
83.2 kTalavera de la ReinaToledo
89%
46.1 kPuertollanoCiudad Real
76%
30.5 kAlcázar de San JuanCiudad Real
66%
15.5 kLa RodaAlbacete
63%
36.0 kTomellosoCiudad Real
63%
30.2 kIllescasToledo
62%
30.3 kHellínAlbacete
61%
30.2 kValdepeñasCiudad Real
57%
35.1 kAzuqueca de HenaresGuadalajara
56%
24.4 kAlmansaAlbacete
55%
15.7 kTarancónCuenca
49%
25.0 kVillarrobledoAlbacete
49%
17.8 kManzanaresCiudad Real
48%
17.8 kDaimielCiudad Real
46%
27.5 kSeseñaToledo
43%
15.7 kMiguelturraCiudad Real
30%
13.6 kTorrijosToledo
30%
15.3 kLa SolanaCiudad Real
27%
13.2 kCampo de CriptanaCiudad Real
25%
13.1 kAloveraGuadalajara
23%

Distribución de puntuación

Porcentaje por número respondido

Porcentaje de gente con cada puntuación

Historial de tus puntuaciones

No has intentado esta prueba.